| 000 | 00456nam a2200181Ia 4500 | ||
|---|---|---|---|
| 008 | 210719s2003 xx 000 0 und d | ||
| 020 | _a0852260014 | ||
| 041 | _aeng | ||
| 082 | _a547 MUKO | ||
| 100 | _aMUKHERJI (S M) & others | ||
| 245 | _aOrganic chemistry.V3. | ||
| 260 |
_aN D _bNew age international (p)Ltd., _c2003 |
||
| 300 |
_axi,1407 _bPB |
||
| 365 |
_b175 _cRs |
||
| 440 | _v3 | ||
| 650 | _aOrganic Chemistry | ||
| 906 | _aOrganic Chemistry | ||
| 999 |
_c213792 _d213792 |
||